The untold story of Imelda Marcos / (Record no. 18791)
[ view plain ]
| 000 -LEADER | |
|---|---|
| fixed length control field | 00447nam a22001697a 4500 |
| 003 - CONTROL NUMBER IDENTIFIER | |
| control field | OSt |
| 005 - DATE AND TIME OF LATEST TRANSACTION | |
| control field | 20140310183106.0 |
| 008 - FIXED-LENGTH DATA ELEMENTS--GENERAL INFORMATION | |
| fixed length control field | 130305t xxu||||| |||| 00| 0 eng d |
| 050 ## - LIBRARY OF CONGRESS CALL NUMBER | |
| Classification number | DS 686.6 |
| Item number | .P43 1986 |
| 100 ## - MAIN ENTRY--PERSONAL NAME | |
| Personal name | Pedrosa, Carmen Navarro |
| 245 ## - TITLE STATEMENT | |
| Title | The untold story of Imelda Marcos / |
| Statement of responsibility, etc | Carmen Navarro Pedrosa |
| 260 ## - PUBLICATION, DISTRIBUTION, ETC. (IMPRINT) | |
| Place of publication, distribution, etc | Rizal : |
| Name of publisher, distributor, etc | Tandem, |
| Date of publication, distribution, etc | 1986. |
| 300 ## - PHYSICAL DESCRIPTION | |
| Extent | 231 p. : |
| Dimensions | 17 cm |
| 562 ## - COPY AND VERSION IDENTIFICATION NOTE | |
| Number of copies | 1 |
| 942 ## - ADDED ENTRY ELEMENTS (KOHA) | |
| Source of classification or shelving scheme | Library of Congress Classification |
| Koha item type | Books |
| Call number prefix | Rare Filipiniana |
No items available.